| 000 | 00419nam a22001577a 4500 | ||
|---|---|---|---|
| 003 | OSt | ||
| 005 | 20220908190400.0 | ||
| 008 | 220908b |||||||| |||| 00| 0 eng d | ||
| 040 | _cBiblioteca Lado V | ||
| 082 |
_a708 _bV712l |
||
| 110 | _aVilla Vassilieff | ||
| 245 | _aLa Permanence/ | ||
| 260 |
_aFrancia _bVilla Vassilieff _c2017 |
||
| 300 |
_a15p. _c13x19cm |
||
| 942 |
_2ddc _c1 _h708 _iV712l _n0 |
||
| 999 |
_c1960 _d1960 |
||